| Record ID | talis_openlibrary_contribution/talis-openlibrary-contribution.mrc:57017080:506 |
| Source | Talis |
| Download Link | /show-records/talis_openlibrary_contribution/talis-openlibrary-contribution.mrc:57017080:506?format=raw |
LEADER: 00506nam a2200169 a 4500
001 4635564fbeee4e0cbcc35391e3afc20a
003 UK-BiTAL
005 20050705111933.0
008 850904s1982 xxu | 000 ||eng|d
035 $a()x5802069
040 $aPR$cPR$dUK-BiTAL
082 04 $a510$219
100 1 $aGersting, Judith L.
245 00 $aMathematical structures for computer science.
260 $aNew York :$bW.H. Freemen,$cc1982.
300 $axi, 426,26p. :$bill.
440 2 $aA series of books in the mathematical sciences